שטעט פון די אוקראַיִנע – מאַפּע קוויז - Statistics

General Stats
  • This quiz has been taken 9 times
  • The average score is 7 of 10
Answers on the Map
Answers color-coded by a green-red scale on the quiz's map according to % correct below.
 
Answer Stats
Answer % Correct
קיעוו
Київ
100%
אַדעס
Одеса
100%
דאָנעצק
Донецьк
83%
לעמבערג \ לעמבעריק
Львів
83%
כאַרקעוו \ חאַרקאוו
Харків
67%
דניפּרא
Дніпро
67%
זאַפּאָראָזשיע
Запоріжжя
67%
מאַריופּאָל
Маріуполь
50%
קריוואי ריה
Кривий Ріг
33%
מיקאָלײַעווע
Миколаїв
33%
No matching quizzes found
Score Distribution
Percent of People with Each Score
Percentile by Number Answered
Your Score History
You have not taken this quiz